|
|
|
|
| LEADER |
00000nab a2200000 a 4500 |
| 001 |
vtls000009685 |
| 003 |
SK-MaSNL |
| 005 |
20260305001256.0 |
| 008 |
250423c1978 xo 0 slo |
| 015 |
|
|
|a SNBRB19rr/mm-uuuuu
|
| 035 |
|
|
|a CL0019779
|
| 035 |
|
|
|a urn:nbn:sk:snk-abb6zh
|
| 035 |
|
|
|a (urnnbn)urn:nbn:sk:snk:ar-000kl3
|
| 035 |
|
|
|a (uuid)f33b7f1e-1d9a-4f8a-b032-9d1afdc5c8a9
|
| 040 |
|
|
|a SNKBUCL
|b slo
|c SNKBUCL
|e AACR2
|
| 041 |
0 |
|
|a slo
|
| 044 |
|
|
|a xo
|c SK
|
| 080 |
|
|
|a 02(73)(03)(048)
|2 1981
|
| 100 |
1 |
|
|a Baloghová, Eva
|c (PhDr.)
|4 aut
|9 260401
|
| 245 |
1 |
0 |
|a Encyklopédia knihovníctva
|c Eva Baloghová
|
| 650 |
0 |
7 |
|a knihovníctvo
|2 snkbucl
|9 1557
|
| 650 |
0 |
7 |
|a knižničná veda
|2 snkbucl
|9 69027
|
| 650 |
0 |
7 |
|a informačná veda
|2 snkbucl
|9 1127
|
| 650 |
0 |
7 |
|a encyklopédie
|2 snkbucl
|9 81740
|
| 655 |
|
7 |
|a recenzie
|2 snkbucl
|9 21907
|
| 655 |
|
7 |
|a články z odboru knihovníctvo
|2 snkbucl
|9 166141
|
| 773 |
0 |
|
|t Čitateľ
|g Roč. 27, č. 9 (1978), s. 341-342
|
| 787 |
0 |
8 |
|i Rec.:
|t Encyklopedia of Library and Information Science
|d New York, Martin - Dekker 1976 - 1977. Zv. 21-22.
|
| 850 |
|
|
|a Slovenská národná knižnica
|
| 852 |
|
|
|a Slovenská národná knižnica
|
| 954 |
|
|
|a odborná, vedecká literatúra pôvodná (slovenská)
|2 lita
|
| 958 |
|
|
|a article15
|
| 958 |
|
|
|a RK
|
| 958 |
|
|
|a KL
|
| 958 |
|
|
|a OND
|
| 958 |
|
|
|a EUIPO
|
| 992 |
|
|
|a RBX
|
| 999 |
|
|
|c 3218367
|d 3220297
|